Exploiting the Potential of Artificial Intelligence in Teaching English: Some Scientific Aspects

Výučba angličtiny využitím možností umelej inteligencie (AI) si vyžaduje zmenu, zlepšenie alebo úpravu prístupov k výučbe na vysokých školách tak, aby vyhovovali potrebám študentov. Nedávny výskum Zhi & Wang (2024), Woodrum (2024), Tsai et al. (2024), Li a kol. (2024), Al-Shallakh (2024), Tang (2023...

Descrizione completa

Salvato in:
Dettagli Bibliografici
Autore principale: Shumeiko, Natalia, 1972-
Natura: Capitolo di libro
Lingua:inglese
Soggetti:
Tags: Aggiungi Tag
Nessun Tag, puoi essere il primo ad aggiungerne!!

MARC

LEADER 00000naa$a2200000$$$4500
001 0306645
005 20250128135714.5
041 0 |a eng 
044 |a SK 
245 1 0 |a Exploiting the Potential of Artificial Intelligence in Teaching English: Some Scientific Aspects  |c Natalia Shumeiko 
520 |a Výučba angličtiny využitím možností umelej inteligencie (AI) si vyžaduje zmenu, zlepšenie alebo úpravu prístupov k výučbe na vysokých školách tak, aby vyhovovali potrebám študentov. Nedávny výskum Zhi & Wang (2024), Woodrum (2024), Tsai et al. (2024), Li a kol. (2024), Al-Shallakh (2024), Tang (2023) a Fu a kol. (2023) skúma horizont AI vo vzdelávaní. Súčasná štúdia zase prispieva k skúmaniu potenciálu AI a využívaniu tohto potenciálu pri výučbe angličtiny. Opýtajte sa sami seba: Ako môže AI pomôcť študentom pri učení angličtiny? 
610 2 0 |a inteligencia umelá 
610 2 0 |a vzdelávanie 
610 2 0 |a angličtina 
100 1 |a Shumeiko, Natalia, 1972-